| 000 | 00368nam a22001457a 4500 | ||
|---|---|---|---|
| 005 | 20251007130256.0 | ||
| 008 | 250929b |||||||| |||| 00| 0 eng d | ||
| 020 | _a978-93-48189-47-9 | ||
| 041 | _aHINDI | ||
| 100 |
_aCHATURVEDI, PRAMILA _98708 |
||
| 245 | _aBHART KE MAHAN VAIGYANIK | ||
| 260 |
_aUTTAR PRADESH _bAKSHAR PLANT _c2024 |
||
| 300 | _a149;P | ||
| 942 | _cBK | ||
| 999 |
_c8856 _d8854 |
||